Statistiques concernant Personnalités mortes ou enterrées à Londres

Cliquez ici pour prendre le quiz!

Statistiques générales

  • Ce quiz a été pris 108 fois
  • Le résultat moyen est 9 sur 17

Statistiques - réponses

MortÂgeIndicePersonnalité% Correct
196590Premier ministre à la tête du Royaume-Uni durant la majeure partie de la seconde guerre mondiale.Winston Churchill
91%
199145Chanteur et compositeur né à Zanzibar ayant composé Bohemian RhapsodyFreddie Mercury
87%
193983Psychanalyste ayant fui Vienne avant que les nazis ne prennent le pouvoirSigmund Freud
85%
201127Chanteuse victime de la dépression, l'alcoolisme et la toxicomanieAmy Winehouse
78%
188273Naturaliste et paléontologue connu pour son ouvrage L'Origine des espècesCharles Darwin
77%
188364Socialiste philosophe allemand en exilKarl Marx
65%
187364Président de la république français puis empereur, il meurt en exil dans l'actuel borough de BromleyNapoléon III
64%
160369Elle était connue comme la "Reine vierge"Élisabeth Ière (Tudor)
63%
172784Pysicien ayant formulé trois grandes lois de la physiqueIsaac Newton
63%
180547
Amiral victorieux de Napoléon et célébré par une colonne à Trafalgar square
Horatio Nelson
51%
197027Guitariste américain né à SeattleJimi Hendrix
45%
153635Seconde femme du roi Henri VIII et première à perdre sa têteAnne Boleyn
40%
155842
Demi-sœur de la précédente enterrée à côté d'elle à l'abbaye de Westminster
Marie Ière (Tudor)
30%
165859Militaire et républicain ayant porté le titre de Lord protecteur quand l'Angleterre n'avait plus de monarqueOliver Cromwell
28%
198267Actrice suédoise star notamment dans les années 40 avec son rôle dans CasablancaIngrid Bergman
27%
196947Actrice star du Magicien d'Oz et mère de Liza MinnelliJudy Garland
24%
136444Deuxième roi de France de la dynastie des Valois, il fut notamment fait prisonnier durant la guerre de cent ansJean II le bon
19%

Distribution des résultats

Percentile par nombre de réponses

% des personnes avec chaque résultat

Votre développement - résultats

Vous n’avez pas pris ce quiz